| 000 | 00360cam a2200145ua 4500 | ||
|---|---|---|---|
| 041 |
_aeng _h |
||
| 082 |
_a370.1 _bABI/WH |
||
| 100 | _aAbid, humia . | ||
| 245 |
_aWhat is general education / _cAbid humia. _hTextual Documents |
||
| 260 |
_aMumbai : _bAsia Publishing House , _c1959. |
||
| 300 | _a82 ; . | ||
| 504 | _a | ||
| 942 | _cBK | ||
| 999 |
_c12420 _d12420 |
||